00839nam a2200181Ia 4500999001700000041001200017082001200029100008000041245014400121260003100265300001200296504004000308536004700348546001200395650010300407942001200510952013500522 c37202d37202 aEnglish aRR.0337 aRao, C. SrinivasauC.C.S. Nizamia Observatory CampusvAndhra Pradesh, India 0aSocio economic adjustment of Shepherds in drought prone region of Andhra Pradesh of India :ba concern for development / cC. Srinivasa Rao aNew Delhi : bICSSR,c2012 a113p. ; aInclude bibliographical references. aIndian Council of Social Science Research. aEnglish a Socio-economic adjustment vGovernment interventionsxSocio-economic challengeszTelangana region cRP2ddc 001040718PDFaNASSDOCbNASSDOCd2022-10-11eGifted by: Research Fellowship Divisionl0oRR.0337p52405r2022-10-11 00:00:00yRP